00462nam a2200133Ia 4500008004100000100002400041245006900065245005400134260003900188260000900227650001800236650001500254856005900269170221s9999 xx 000 0 und d aPaatelainen, Laura. 2aA Functional Analysis of the Finnish 2012 Presidential Elections cLaura Paatelainen, Stephen Croucher, Bill Benoit. bStudies in Media and Communication c2012 xCommunication xMedia Arts uhttp://redfame.com/journal/index.php/smc/issue/view/76